Skip to content
VuFind
Login
All Fields
Title
Author
Subject
Call Number
ISBN/ISSN
Tag
Find
Advanced
மாண்புமிகு மண்டேலா:...
Cite this
Text this
Email this
Print
Export Record
Export to RefWorks
Export to EndNoteWeb
Export to EndNote
Export to MARC
Export to BibTeX
Export to RIS
Save to List
Permanent link
மாண்புமிகு மண்டேலா: தன்னிகாில்லாத் தலைவனின் தலைமைப் பண்புகள்/
Saved in:
Bibliographic Details
Main Author:
கலுங்குபன்டா,மாா்ட்டின்
Other Authors:
புகழேந்தி,மு.ந (தமிழாக்கம்)
Format:
Book
Language:
English
Tamil
Published:
சென்னை:
coral,
2018.
Subjects:
வாழ்க்கை வரலாறு
Tags:
Add Tag
No Tags, Be the first to tag this record!
Holdings
Description
Comments
Similar Items
Staff View
MARC
LEADER
00000nam a22000007a 4500
005
20260404104409.0
008
260404b |||||||| |||| 00| 0 eng d
020
|a
9789387234413
041
|a
tam
|h
eng
082
|a
923.1
|b
கலுங்
100
|a
கலுங்குபன்டா,மாா்ட்டின்
|9
116872
245
|a
மாண்புமிகு மண்டேலா:
|b
தன்னிகாில்லாத் தலைவனின் தலைமைப் பண்புகள்/
|c
மாா்ட்டின் கலுங்குபன்டா
260
|a
சென்னை:
|b
coral,
|c
2018.
300
|a
112பக்
|b
ill;pic
|c
21cm
500
|a
Purchase
650
|a
வாழ்க்கை வரலாறு
700
|a
புகழேந்தி,மு.ந (தமிழாக்கம்)
|9
116873
942
|c
REF
999
|c
70941
|d
70941
Similar Items
மாண்புமிகு மங்கையார் /
by: சோம . இர . ஆறுமுகம்
Published: (2010)
நெல்சன் மண்டேலா /
Published: (2008)
நெல்சன் மண்டேலா/
by: மருதன்
Published: (2009)
நெல்சன் மண்டேலா
by: செங்கல்வராயன்.இர
Published: (2005)
நெல்சன் மண்டேலா
by: செ௩்கல்வராயன்.இர
Published: (2005)